Z historie centrální banky Rumunska - Banca Nationala a Romaniei

Stručný historický vývoj centrálnej banky Rumunska, ktorá sa oficiálne nazýva Banca Nationala a Romaniei.

Na minha lista:
Detalhes bibliográficos
Autor principal: Kalabis, Zbyněk
Formato: Capítulo de Livro
Idioma:tcheco
Assuntos:
Tags: Adicionar Tag
Sem tags, seja o primeiro a adicionar uma tag!

MARC

LEADER 00000naa a2200000 4500
001 0241893
005 20180411091039.2
041 0 |a cze 
044 |a CZ 
245 1 0 |a Z historie centrální banky Rumunska - Banca Nationala a Romaniei  |c Zbyněk Kalabis 
520 |a Stručný historický vývoj centrálnej banky Rumunska, ktorá sa oficiálne nazýva Banca Nationala a Romaniei. 
610 2 0 |a banky centrálne 
610 2 0 |a Rumunsko 
610 2 0 |a história 
100 1 |a Kalabis, Zbyněk